000 00917nam a2200265Ia 4500
003 OSt
005 20221005111357.0
006 a|||||r|||| 00| 0
007 ta
008 221004b |||||||| |||| 00| 0 hin d
020 _a8170559731 (hbk)
_c395
024 _a6888
037 _b94, 05/09/2013, Vani Prakashan
_cTextual
040 _aCRL
_cCRL
_bhin
041 _2hin
_ahin
082 _aO152,3N212w, P2
100 _aयायावर, भारत, संपा.
245 0 _aरेणु का जीवन
246 _aReṇu kā jīvana
260 _aनई दिल्ली
_bवाणी प्रकाशन भारत
_c2010
300 _a218पृ0
_ccm.
650 _aहिन्दी साहित्य
942 _hO152,3N212w, P2
_cTEXL
_2cc
999 _c1021653
_d1021653